Losing Presidential Candidates Quiz - Statistics

General Stats
  • This quiz has been taken 15 times
  • The average score is 47 of 77
Answer Stats
Year Candidate % Correct
2000 Al Gore
100%
1812 DeWitt Clinton
100%
2020 Donald Trump
100%
1992 George H. W. Bush
100%
1976 Gerald Ford
100%
2016 Hillary Clinton
100%
1800 John Adams
100%
1828 John Quincy Adams
100%
2024 Kamala Harris
100%
1960 Richard Nixon
100%
1912 Theodore Roosevelt
100%
1796 Thomas Jefferson
100%
1928 Al Smith
89%
1892 Benjamin Harrison
89%
1888 Grover Cleveland
89%
1932 Herbert Hoover
89%
1980 Jimmy Carter
89%
2004 John Kerry
89%
2008 John McCain
89%
1984 Walter Mondale
89%
1836 William Henry Harrison
89%
1912 William Taft
89%
1964 Barry Goldwater
78%
1972 George McGovern
78%
1968 George Wallace
78%
1968 Hubert Humphrey
78%
1924 John Davis
78%
1848 Martin Van Buren
78%
1840 Martin Van Buren
78%
2012 Mitt Romney
78%
1996 Ross Perot
78%
1992 Ross Perot
78%
1948 Thomas Dewey
78%
1944 Thomas Dewey
78%
1908 William Jennings Bryan
78%
1900 William Jennings Bryan
78%
1896 William Jennings Bryan
78%
1956 Adlai Stevenson
67%
1952 Adlai Stevenson
67%
1824 Andrew Jackson
67%
1996 Bob Dole
67%
1844 Henry Clay
67%
1832 Henry Clay
67%
1824 Henry Clay
67%
1860 John Breckinridge
67%
1988 Michael Dukakis
67%
1856 Millard Fillmore
67%
1940 Wendell Willkie
67%
1864 George McClellan
56%
1860 Stephen Douglas
56%
1936 Alf Landon
44%
1920 James Cox
44%
1856 John Fremont
44%
1876 Samuel Tilden
44%
1808 Charles Pinckney
33%
1804 Charles Pinckney
33%
1836 Daniel Webster
33%
1872 Horace Greeley
33%
1884 James Blaine
33%
1916 Charles Evans Hughes
22%
1980 John B. Anderson
22%
1860 John Bell
22%
1848 Lewis Cass
22%
1924 Robert La Follette
22%
1816 Rufus King
22%
1948 Strom Thurmond
22%
1824 William Crawford
22%
1852 Winfield Scott
22%
1904 Alton B. Parker
11%
1912 Eugene Debs
11%
1880 Winfield Hancock
11%
1868 Horatio Seymour
0%
1836 Hugh Lawson White
0%
1892 James B. Weaver
0%
1832 John Floyd
0%
1832 William Wirt
0%
1836 Willie P. Mangum
0%
No matching quizzes found
Score Distribution
Percent of People with Each Score
Percentile by Number Answered
Your Score History
You have not taken this quiz